Mathematical methods in queuing theory
Αποθηκεύτηκε σε:
| Κύριος συγγραφέας: | |
|---|---|
| Μορφή: | Βιβλίο |
| Γλώσσα: | English |
| Δημοσίευση: |
Dordrecht ; Boston :
Kluwer academic,
c1994
|
| Σειρά: | Mathematics and its applications ;
; 271 |
| Θέματα: | |
| Ετικέτες: |
Προσθήκη ετικέτας
Δεν υπάρχουν, Καταχωρήστε ετικέτα πρώτοι!
|
MARC
| LEADER | 00000nam a2200000 i 4500 | ||
|---|---|---|---|
| 001 | 1/84201 | ||
| 008 | 990622s1994 eng d | ||
| 020 | |a 0-7923-2568-0 | ||
| 035 | |l 10051550 | ||
| 040 | |a GR-MY-UA |b gre |e aacr | ||
| 041 | 0 | |a eng | |
| 082 | 0 | |a 519.82 | |
| 100 | 1 | |a Kalashnikov, Vladimir V. | |
| 245 | 1 | 0 | |a Mathematical methods in queuing theory / |c by Vladimir V. Kalashnikov |
| 260 | |a Dordrecht ; Boston : |b Kluwer academic, |c c1994 | ||
| 300 | |a ix, 377 p.; |c 24 cm. | ||
| 490 | 1 | |a Mathematics and its applications |v ; 271 | |
| 500 | |a Includes bibliographical references and index | ||
| 650 | 0 | 0 | |a Queuing theory. |
| 830 | 0 | |a Mathematics and its applications ; |v ; 271 | |
| 852 | |a INST |b SAMOS |e 19990622 |h 519.82 KAL |p 005300012573 |q 005300012573 |t BK |y 0 | ||
| 852 | |a INST |b SAMOS |e 19991110 |h 519.82 KAL |p 005300016775 |q 005300016775 |t BK |y 0 | ||
| 901 | |a BIBL3-1999-3 | ||
| 909 | |a Σ |b 063240 | ||
| 909 | |a Σ |b 067454 | ||
| 922 | |a 3ΕΛΗ |b 199905 |c ΕΠΕΑΕΚ/ΜΑΘ |d GLORY | ||
| 922 | |a 3ΕΛΗ |b 199912 |c ΕΠΕΑΕΚ/ΜΑΘ |d ΠΑΠΑΣΩΤΗΡΙΟΥ | ||
| 970 | |a Γενούζου |b Χρυσάνθη |z 1999/06/22 | ||
| 970 | |a Γενούζου |b Χρυσάνθη |z 1999/11/10 | ||